El problema social en el derecho moderno (Record no. 26485)

MARC details
000 -LEADER
campo de control de longitud fija 00598nam a2200169 i 4500
001 - NÚMERO DE CONTROL
campo de control 26485
003 - IDENTIFICADOR DE NÚMERO DE CONTROL
campo de control ES-MaACL
005 - FECHA Y HORA DE LA ÚLTIMA TRANSACCIÓN
campo de control 20230906153441.0
007 - CAMPO FIJO DE DESCRIPCIÓN FÍSICA--INFORMACIÓN GENERAL
campo de control de longitud fija t|
008 - DATOS DE LONGITUD FIJA--INFORMACIÓN GENERAL
campo de control de longitud fija 030109s1940 sp ||||1| spa d
100 1# - ENTRADA PRINCIPAL--NOMBRE DE PERSONA
Nombre de persona Aunós Pérez, Antonio.
9 (RLIN) 23921
245 13 - MENCIÓN DEL TÍTULO
Título El problema social en el derecho moderno
Resto del título : conferencia /
Mención de responsabilidad, etc. pronunciada por Antonio Aunós Pérez.
260 ## - PUBLICACIÓN, DISTRIBUCIÓN, ETC.
Lugar de publicación, distribución, etc. Barcelona :
Nombre del editor, distribuidor, etc. [s.n.,
Fecha de publicación, distribución, etc. 1940] (
Lugar de fabricación/manufactura Barcelona :
Fabricante Nagsa)
500 ## - NOTA GENERAL
Nota general Precede a tít.: Servicio Sindical de Cultura Social.
710 2# - ENTRADA AGREGADA--NOMBRE DE ENTIDAD CORPORATIVA
Nombre de entidad corporativa o nombre de jurisdicción como elemento de entrada Servicio Sindical de Cultura Social.
9 (RLIN) 6589
852 ## - LOCALIZACIÓN
Ubicación ES-MaACL
Número de control de estantería 1832-F-16
Sublocalización o colección R.19270
Holdings
Estatus retirado Estado de pérdida Estado de daño No para préstamo Colección Biblioteca de origen Biblioteca actual Ubicación en estantería Fecha de adquisición Fuente de adquisición Total de préstamos Signatura topográfica completa Código de barras Visto por última vez Precio de reemplazo Tipo de ítem Koha
        Colección de folletos Biblioteca del Ateneo de Madrid Biblioteca del Ateneo de Madrid Depósito folletos 17/01/2008     1832-F-16 1027335 23/02/2023 23/02/2023 Folleto